01437cam a2200337 a 45000010005000000030006000050050017000110080041000280100017000690200017000860400023001030500015001260820008001411000020001492450052001692600038002213000058002595000047003175050007003645200361003715210026007325210018007586500038007766500019008146500022008336500027008559060045008829420015009279990015009429520142009577151FISKH20250630100432.0990730r19991996enka a 000 1 eng  a 99231791  a1899607579 : aUKMcUKMdDLCbeng aPZ7.E388 M a8131 aElgar, Rebecca.10aMunch! What are you eating? /c[Rebecca Elgar]. aLondon :bBerry Blue Book,c1996. a12 unnumbered pages : bcolor illustrations ; c18 cm aWIth food on ribbons to put iin the slots  aA  aEveryone's hungry! What will they eat? It's up to you to feed kitty, baby bird, bunny, and a kid just like you! There's a blue bowl filled with delicious milk, a plump pink worm, a bright orange carrot, and a yummy chocolate cookie. Hint: the color-coded ribbons and food dishes attached to this sturdy board book make it easy to figure out who gets what! 8 a70 bLexile estimate 8 aA bRaz-Plus  0aToy and movable booksvSpecimens. 1aFoodvFiction. 1aAnimalsvFiction. 1aToy and movable books. a7bcbcccopycatd2encipf19gy-gencatlg 2ddccBKn0 c7151d7151 00102ddc40708JUVFa001b001cTK Green 7-57-60d2025-06-30l0oELG 813 PZ7.E388 M pFISBK07151r2025-06-30 10:04:29t1w2025-06-30yBK